[Event "Florianopolis Cordioli Cup 2nd"]
[Site "Florianopolis"]
[Date "2017.02.01"]
[Round "9"]
[White "Librelato, Kathie Goulart"]
[Black "Aguiar, Cristiano"]
[Result "1/2-1/2"]
[WhiteElo "1988"]
[BlackElo "2200"]
[PlyCount "76"]
[EventDate "2017.01.27"]
[EventType "tourn"]
[EventRounds "9"]
[EventCountry "BRA"]
[EventCategory "2"]
[SourceTitle "CBM 176 Extra"]
[Source "ChessBase"]
[SourceDate "2017.03.02"]
[SourceVersion "1"]
[SourceVersionDate "2017.03.02"]
[SourceQuality "1"]

1. e4 e5 2. Nf3 Nc6 3. Bb5 a6 4. Ba4 Nf6 5. 0-0 d6 6. c3 Bd7 7. Re1 g6 8. d4 b5 9. Bb3 Bg7 10. a4 0-0 11. Na3 Qe7 12. Bg5 Na5 13. Bc2 h6 14. Be3 Ng4 15. Bd2 Nb7 16. h3 Nf6 17. Qe2 Qe8 18. axb5 axb5 19. Bd3 c6 20. c4 bxc4 21. Nxc4 Rxa1 22. Rxa1 exd4 23. e5 dxe5 24. Nfxe5 Nd5 25. Ra7 Bc8 26. b4 Nc3 27. Bxc3 dxc3 28. f4 Qe6 29. Qc2 Nd6 30. Nxd6 Qxd6 31. Qxc3 Rd8 32. Bc4 Be6 33. Bxe6 Qxe6 34. Kh2 Rd5 35. Ra5 Rd6 36. Qc2 Qf6 37. Qe4 Qe6 38. Qf3 Bxe5 1/2-1/2

[Event "Florianopolis Cordioli Cup 2nd"]
[Site "Florianopolis"]
[Date "2017.01.31"]
[Round "7"]
[White "Valdes Escobar, Alvaro Daniel"]
[Black "Aguiar, Cristiano"]
[Result "0-1"]
[WhiteElo "2397"]
[BlackElo "2200"]
[PlyCount "100"]
[EventDate "2017.01.27"]
[EventType "tourn"]
[EventRounds "9"]
[EventCountry "BRA"]
[EventCategory "2"]
[SourceTitle "CBM 176 Extra"]
[Source "ChessBase"]
[SourceDate "2017.03.02"]
[SourceVersion "1"]
[SourceVersionDate "2017.03.02"]
[SourceQuality "1"]

1. c4 Nf6 2. Nc3 g6 3. e4 e5 4. Nf3 Nc6 5. d4 exd4 6. Nxd4 Bb4 7. Nxc6 bxc6 8. Bd3 0-0 9. 0-0 d5 10. exd5 cxd5 11. Bg5 Be7 12. cxd5 Nxd5 13. Bxe7 Nxe7 14. Qf3 Rb8 15. Rad1 Bb7 16. Be4 Qc8 17. Rfe1 Nf5 18. Qf4 Re8 19. Bxf5 Qxf5 20. Rxe8+ Rxe8 21. Qxf5 gxf5 22. f3 Bc6 23. Kf2 Kg7 24. Rd4 a5 25. Rc4 Re6 26. Rc5 Rd6 27. Rxf5 Rd2+ 28. Kg3 Rxb2 29. Rxa5 Rc2 30. Rc5 Bb7 31. a4 Ba6 32. Ne4 Ra2 33. a5 Bf1 34. Nf2 c6 35. h4 Bb5 36. Ne4 Rxa5 37. Rg5+ Kf8 38. Nf6 h6 39. Rg8+ Ke7 40. Ng4 h5 41. Ne3 Bd3 42. Rg5 Rxg5+ 43. hxg5 Ke6 44. Kh4 Ke5 45. Kxh5 Kd4 46. Nd1 Be2 47. Nf2 c5 48. Nh3 c4 49. Nf4 Bd3 50. g6 Bxg6+ 0-1

[Event "Florianopolis op 3rd"]
[Site "Florianopolis"]
[Date "2017.01.21"]
[Round "2"]
[White "Aguiar, Cristiano"]
[Black "Van Riemsdijk, Dirk Dagobert"]
[Result "1-0"]
[WhiteElo "2200"]
[BlackElo "2017"]
[PlyCount "106"]
[EventDate "2017.01.20"]
[EventType "swiss"]
[EventRounds "10"]
[EventCountry "BRA"]
[SourceTitle "CBM 176 Extra"]
[Source "ChessBase"]
[SourceDate "2017.03.02"]
[SourceVersion "1"]
[SourceVersionDate "2017.03.02"]
[SourceQuality "1"]

1. e4 c6 2. d4 d5 3. Nc3 dxe4 4. Nxe4 Nf6 5. Ng5 Bf5 6. Bc4 e6 7. Ne2 h6 8. Nf3 Bd6 9. Ng3 Bh7 10. Qe2 Nbd7 11. 0-0 0-0 12. Ne5 Re8 13. f4 Nb6 14. Bb3 c5 15. dxc5 Bxc5+ 16. Kh1 Qc7 17. Nh5 Nxh5 18. Qxh5 Nd5 19. Bd2 Rad8 20. Qe2 a6 21. Rf3 Nf6 22. Be1 Ne4 23. c4 f6 24. Nd3 Bd4 25. c5 Bf5 26. g4 Bxg4 27. Qxe4 Bxf3+ 28. Qxf3 Kh8 29. Qe4 f5 30. Qf3 Bxc5 31. Nxc5 Qxc5 32. Bc3 Qc6 33. Qxc6 bxc6 34. Rg1 Re7 35. Rg6 Kh7 36. Rxe6 Rxe6 37. Bxe6 g6 38. Bc4 a5 39. Kg2 a4 40. h3 Rd6 41. Kf3 Rd1 42. Bf6 Rd6 43. Be5 Rd1 44. Ke3 Rh1 45. Bf6 c5 46. Bd5 Rxh3+ 47. Kf2 Rd3 48. Bf7 Rd6 49. Bc3 Rd7 50. Bc4 Rd6 51. Bb5 g5 52. fxg5 hxg5 53. Bxa4 Kg6 1-0

[Event "Florianopolis op 3rd"]
[Site "Florianopolis"]
[Date "2017.01.20"]
[Round "1"]
[White "Escofet Fernandez, Jaime"]
[Black "Aguiar, Cristiano"]
[Result "1/2-1/2"]
[WhiteElo "2011"]
[BlackElo "2200"]
[PlyCount "29"]
[EventDate "2017.01.20"]
[EventType "swiss"]
[EventRounds "10"]
[EventCountry "BRA"]
[SourceTitle "CBM 176 Extra"]
[Source "ChessBase"]
[SourceDate "2017.03.02"]
[SourceVersion "1"]
[SourceVersionDate "2017.03.02"]
[SourceQuality "1"]

1. d4 d5 2. Bf4 Nf6 3. e3 e6 4. Nf3 c5 5. c3 Qb6 6. Qb3 c4 7. Qxb6 axb6 8. Nbd2 b5 9. Be2 b4 10. 0-0 Nc6 11. Ne5 bxc3 12. bxc3 Nxe5 13. dxe5 Nd7 14. a4 Nc5 15. a5 1/2-1/2

[Event "Africa-ch U20"]
[Site "Hammamet"]
[Date "2016.11.27"]
[Round "3"]
[White "Bouchamla, Alaa"]
[Black "Aguiar, Cristiano"]
[Result "0-1"]
[WhiteElo "1670"]
[BlackElo "2205"]
[PlyCount "100"]
[EventDate "2016.11.26"]
[EventType "swiss"]
[EventRounds "9"]
[EventCountry "TUN"]
[SourceTitle "EXT 2018"]
[Source "ChessBase"]
[SourceDate "2017.10.13"]
[SourceVersion "1"]
[SourceVersionDate "2017.10.13"]
[SourceQuality "1"]

1. e4 e5 2. Nf3 Nc6 3. Bb5 a6 4. Bxc6 dxc6 5. d4 exd4 6. Qxd4 Qxd4 7. Nxd4 Bd7 8. 0-0 0-0-0 9. Be3 Nf6 10. f3 b6 11. c4 c5 12. Ne2 Be6 13. b3 Bd6 14. Bf4 Bxf4 15. Nxf4 g5 16. Ne2 Rd3 17. Nbc3 Rhd8 18. Rad1 Rxd1 19. Rxd1 Rxd1+ 20. Nxd1 b5 21. Ne3 Kb7 22. Nc3 c6 23. Kf2 Kb6 24. Ke2 Nd7 25. Ncd1 bxc4 26. bxc4 Ka5 27. Kd3 Ka4 28. Kc3 Ka3 29. g3 Kxa2 30. f4 gxf4 31. gxf4 f5 32. Nxf5 Bxf5 33. exf5 a5 34. Nb2 Kb1 35. Kb3 Kc1 36. Kc3 Nf6 37. Nd3+ Kd1 38. Nxc5 Ke2 39. Kd4 Kf3 40. Ke5 Ng4+ 41. Ke6 Kxf4 42. f6 Nh6 43. f7 Nxf7 44. Kxf7 Kf3 45. Kg7 h5 46. Kh6 h4 47. Nd3 h3 48. Kg5 a4 49. c5 a3 50. Kh4 a2 0-1

[Event "Olympiad-42"]
[Site "Baku"]
[Date "2016.09.09"]
[Round "7.4"]
[White "Aguiar, Cristiano"]
[Black "Kizza, Faruk Fauza Karim"]
[Result "0-1"]
[WhiteElo "2208"]
[BlackElo "2094"]
[PlyCount "90"]
[EventDate "2016.09.02"]
[EventType "team-swiss"]
[EventRounds "11"]
[EventCountry "AZE"]
[SourceTitle "CBM 175"]
[Source "ChessBase"]
[SourceDate "2016.11.10"]
[SourceVersion "1"]
[SourceVersionDate "2016.11.10"]
[SourceQuality "1"]
[WhiteTeam "Angola"]
[BlackTeam "Uganda"]
[WhiteTeamCountry "ANG"]
[BlackTeamCountry "UGA"]

1. e4 e5 2. Nf3 Nf6 3. Nxe5 d6 4. Nf3 Nxe4 5. d4 d5 6. Bd3 Be7 7. 0-0 0-0 8. c4 c6 9. Re1 Nf6 10. b3 Bg4 11. Bb2 Nbd7 12. h3 Bh5 13. Nbd2 Re8 14. c5 Qc7 15. Qc2 Bg6 16. Bxg6 hxg6 17. g3 Bf8 18. b4 b6 19. Kg2 a5 20. a3 bxc5 21. bxc5 Be7 22. Bc3 Bd8 23. a4 Rxe1 24. Rxe1 Nf8 25. Nb3 Ne4 26. Ba1 Ne6 27. Ne5 Rb8 28. f3 Nxg3 29. Kxg3 f6 30. Qxg6 Rxb3 31. Qe8+ Nf8 32. Qxc6 fxe5 33. Qxd5+ Qf7 34. Qxf7+ Kxf7 35. d5 Ng6 36. c6 Bc7 37. Rd1 Ke7 38. Kg4 Kd6 39. Kf5 Ne7+ 40. Kg4 Rb4+ 41. Kh5 Nxd5 42. Kg6 Rh4 43. Re1 Ke6 44. Kxg7 Rxh3 45. Rf1 Bd8 0-1

[Event "Olympiad-42"]
[Site "Baku"]
[Date "2016.09.05"]
[Round "4.4"]
[White "Guzman, Christopher"]
[Black "Aguiar, Cristiano"]
[Result "1-0"]
[WhiteElo "2259"]
[BlackElo "2208"]
[PlyCount "77"]
[EventDate "2016.09.02"]
[EventType "team-swiss"]
[EventRounds "11"]
[EventCountry "AZE"]
[SourceTitle "CBM 175"]
[Source "ChessBase"]
[SourceDate "2016.11.10"]
[SourceVersion "1"]
[SourceVersionDate "2016.11.10"]
[SourceQuality "1"]
[WhiteTeam "Dominican Republic"]
[BlackTeam "Angola"]
[WhiteTeamCountry "DOM"]
[BlackTeamCountry "ANG"]

1. e4 e5 2. Nf3 Nc6 3. Bb5 a6 4. Ba4 Nf6 5. Bxc6 dxc6 6. d3 Bd6 7. Nbd2 Be6 8. 0-0 Ng4 9. Qe2 h5 10. Nc4 Qe7 11. h3 0-0-0 12. Ng5 Bd7 13. Nxd6+ cxd6 14. f4 exf4 15. Bxf4 f6 16. Nf3 g5 17. Bd2 Nh6 18. Nd4 c5 19. Nb3 h4 20. Bc3 Rdf8 21. Qf2 g4 22. Qxh4 Nf5 23. Qxg4 Ne3 24. Qf3 Nxf1 25. Rxf1 Rhg8 26. Na5 Qh7 27. Kh2 Bg4 28. Qe3 Be6 29. Rxf6 Rxf6 30. Bxf6 Qc7 31. Nc4 Bxc4 32. dxc4 Qf7 33. e5 Qxc4 34. e6 Qxc2 35. Qf3 Qg6 36. g4 Re8 37. e7 d5 38. h4 Kc7 39. h5 1-0

[Event "Africa-ch"]
[Site "Kampala"]
[Date "2016.07.21"]
[Round "6"]
[White "Cawdery, Daniel"]
[Black "Aguiar, Cristiano"]
[Result "1-0"]
[WhiteElo "2412"]
[BlackElo "2219"]
[PlyCount "73"]
[EventDate "2016.07.17"]
[EventType "swiss"]
[EventRounds "9"]
[EventCountry "UGA"]
[SourceTitle "CBM 173 Extra"]
[Source "ChessBase"]
[SourceDate "2016.08.29"]
[SourceVersion "1"]
[SourceVersionDate "2016.08.29"]
[SourceQuality "1"]

1. e4 e5 2. Nf3 Nc6 3. Bc4 Nf6 4. Ng5 d5 5. exd5 Na5 6. Bb5+ c6 7. dxc6 bxc6 8. Bd3 Nd5 9. Nf3 Nf4 10. 0-0 Nxd3 11. cxd3 f6 12. d4 exd4 13. Qa4 Qb6 14. Re1+ Kf7 15. d3 Bb4 16. Bd2 Rb8 17. a3 Bxd2 18. Nbxd2 c5 19. b4 cxb4 20. axb4 Nc6 21. Nc4 Qc7 22. b5 Ne7 23. Qxa7 Rb7 24. Qxd4 Rd8 25. Qb2 Qc5 26. b6 Be6 27. Ra5 Qc8 28. Ra7 Bd5 29. Qb4 Nf5 30. Ncd2 Rxa7 31. bxa7 Qa6 32. Nd4 Nd6 33. Qc5 Nb7 34. Qc7+ Kg6 35. Qg3+ Kf7 36. Nf5 g6 37. Qc7+ 1-0

[Event "Africa-ch"]
[Site "Kampala"]
[Date "2016.07.19"]
[Round "4"]
[White "Fidow, Kassim Hassan"]
[Black "Aguiar, Cristiano"]
[Result "0-1"]
[WhiteElo "1558"]
[BlackElo "2219"]
[PlyCount "58"]
[EventDate "2016.07.17"]
[EventType "swiss"]
[EventRounds "9"]
[EventCountry "UGA"]
[SourceTitle "CBM 173 Extra"]
[Source "ChessBase"]
[SourceDate "2016.08.29"]
[SourceVersion "1"]
[SourceVersionDate "2016.08.29"]
[SourceQuality "1"]

1. d4 Nf6 2. c4 e6 3. Nf3 d5 4. a3 c6 5. Bg5 dxc4 6. e3 b5 7. Be2 Nbd7 8. 0-0 Bb7 9. a4 a6 10. axb5 cxb5 11. b3 cxb3 12. Qxb3 Bd6 13. Nc3 b4 14. e4 Rb8 15. Bxa6 Bxa6 16. Rxa6 bxc3 17. Qxc3 Bb4 18. Qc6 Qc8 19. Qa4 0-0 20. Rc1 Qb7 21. e5 Ne4 22. Rac6 Nxg5 23. Nxg5 Bd2 24. Nxh7 Bxc1 25. g4 Rfc8 26. d5 exd5 27. Rxc8+ Rxc8 28. Qf4 d4 29. f3 Qb2 0-1

[Event "Olympiad-41"]
[Site "Tromsoe"]
[Date "2014.08.08"]
[Round "6.4"]
[White "Aguiar, Cristiano"]
[Black "Poon, Yu Tien"]
[Result "1-0"]
[WhiteElo "1993"]
[BlackElo "2070"]
[PlyCount "107"]
[EventDate "2014.08.02"]
[EventType "team-swiss"]
[EventRounds "11"]
[EventCountry "NOR"]
[SourceTitle "CBM 162"]
[Source "ChessBase"]
[SourceDate "2014.09.17"]
[SourceVersion "1"]
[SourceVersionDate "2014.09.17"]
[SourceQuality "1"]
[WhiteTeam "Angola"]
[BlackTeam "Barbados"]
[WhiteTeamCountry "ANG"]
[BlackTeamCountry "BAR"]

1. e4 c5 2. Nf3 d6 3. Bb5+ Bd7 4. Bxd7+ Nxd7 5. 0-0 Ngf6 6. Re1 e6 7. c3 Be7 8. d4 0-0 9. e5 Ne8 10. Bf4 cxd4 11. cxd4 dxe5 12. Nxe5 Nef6 13. Nc3 Nb6 14. Qf3 Nbd5 15. Bg5 Qd6 16. Bxf6 Bxf6 17. Ne4 Qe7 18. Rac1 Rac8 19. a3 Rc7 20. Nc3 Rd8 21. Nb5 Rxc1 22. Rxc1 a6 23. Nc3 Nxc3 24. Qxc3 Qd6 25. Nf3 g6 26. Qb3 b5 27. Rd1 Qb6 28. Qe3 Rd5 29. h3 e5 30. Qe4 Qd6 31. Rd3 exd4 32. b4 Kg7 33. Kf1 Qe6 34. Qf4 Qd6 35. Qd2 Qc6 36. g4 Kg8 37. Kg2 h5 38. Kg1 hxg4 39. hxg4 Qd7 40. Qf4 Qd6 41. Qe4 Qe6 42. Qf4 g5 43. Qg3 Qe4 44. Nd2 Qe1+ 45. Kg2 Be5 46. Qf3 Rd6 47. Qa8+ Kg7 48. Nf3 Qc1 49. Nxe5 Qf4 50. Rh3 Kf6 51. Rf3 Kxe5 52. Rxf4 Kxf4 53. Qf3+ Ke5 54. Qf5# 1-0

[Event "Olympiad-41"]
[Site "Tromsoe"]
[Date "2014.08.05"]
[Round "4.4"]
[White "Mihajlov, Sebastian"]
[Black "Aguiar, Cristiano"]
[Result "1-0"]
[WhiteElo "2305"]
[BlackElo "1993"]
[PlyCount "125"]
[EventDate "2014.08.02"]
[EventType "team-swiss"]
[EventRounds "11"]
[EventCountry "NOR"]
[SourceTitle "CBM 162"]
[Source "ChessBase"]
[SourceDate "2014.09.17"]
[SourceVersion "1"]
[SourceVersionDate "2014.09.17"]
[SourceQuality "1"]
[WhiteTeam "Norway III"]
[BlackTeam "Angola"]
[WhiteTeamCountry "NOR"]
[BlackTeamCountry "ANG"]

1. d4 e6 2. Nf3 Nf6 3. c4 d5 4. Nc3 Be7 5. Bg5 Nbd7 6. e3 c6 7. Bd3 dxc4 8. Bxc4 b5 9. Bd3 a6 10. 0-0 Bb7 11. e4 c5 12. e5 cxd4 13. Nxb5 Bxf3 14. Qxf3 Nxe5 15. Qxa8 Qxa8 16. Nc7+ Kd7 17. Nxa8 Nxd3 18. Nb6+ Kc6 19. Nc4 Bc5 20. Rad1 Kd5 21. b3 Nb4 22. a3 Nc6 23. Ne3+ Kd6 24. f3 Nd5 25. Nc4+ Kd7 26. b4 Ba7 27. Kh1 f6 28. Bd2 Rc8 29. Rc1 e5 30. Rfe1 Nce7 31. a4 Rb8 32. Rb1 Nc3 33. Bxc3 dxc3 34. Rec1 Nd5 35. b5 axb5 36. axb5 Bd4 37. b6 Kc6 38. Na5+ Kc5 39. b7 Ne7 40. Rb3 Kd6 41. Rcxc3 Bxc3 42. Rxc3 Kd7 43. Kg1 Nf5 44. Nb3 Nd6 45. Nc5+ Ke7 46. Kf2 Nxb7 47. Rb3 Nxc5 48. Rxb8 f5 49. g4 Ne6 50. gxf5 Nd4 51. Ke3 Nxf5+ 52. Ke4 Ke6 53. Re8+ Ne7 54. h4 h5 55. Ra8 Ng6 56. Ra5 Kf6 57. f4 Nxf4 58. Rxe5 Ne2 59. Rf5+ Ke6 60. Rf3 Nc1 61. Kd4 Kd6 62. Re3 g6 63. Kc4 1-0

[Event "Windhoek zt 4.3"]
[Site "Windhoek"]
[Date "2014.06.23"]
[Round "1"]
[White "Aguiar, Cristiano"]
[Black "Oberholzer, Rex"]
[Result "1/2-1/2"]
[WhiteElo "1930"]
[BlackElo "2177"]
[PlyCount "53"]
[EventDate "2014.06.23"]
[EventType "swiss"]
[EventRounds "9"]
[EventCountry "NAM"]
[SourceTitle "EXT 2015"]
[Source "ChessBase"]
[SourceDate "2014.11.20"]
[SourceVersion "1"]
[SourceVersionDate "2014.11.20"]
[SourceQuality "1"]

1. e4 b6 2. c4 Bb7 3. Nc3 e6 4. d4 Bb4 5. Bd3 Bxc3+ 6. bxc3 Ne7 7. Qg4 Ng6 8. h4 h5 9. Qg3 d6 10. e5 Ne7 11. exd6 cxd6 12. Ba3 Nd7 13. Bxd6 0-0 14. Qg5 Nf6 15. Be5 Ng6 16. Bxf6 Qxf6 17. Qxh5 Bxg2 18. Rh2 Bb7 19. Ne2 Bf3 20. Qg5 Qxg5 21. hxg5 Bxe2 22. Kxe2 f5 23. Ke3 e5 24. c5 exd4+ 25. cxd4 Rfe8+ 26. Kf3 Rad8 27. Bc4+ 1/2-1/2